000 00380nam a22001097a 4500
008 230627b xxu||||| |||| 00| 0 eng d
082 _a338.927
_bUNP 1994
245 _aTechnological Dynamism in Industrial Districts: An Alternative Approach to Industrialization in Developing Countries?
260 _aNew York and Geneva
_bUnited Nations
_c1994
300 _aXX,346p
942 _2ddc
_cBK
999 _c2794
_d2794